| 000 | 00654nam a2200229 a 4500 | ||
|---|---|---|---|
| 001 | 2916 | ||
| 003 | CO-ViMGA | ||
| 008 | 141112s2004 ck r 000 u spa d | ||
| 040 |
_aCO-ViMGA _bspa _cCO-ViMGA |
||
| 082 | 0 | 4 | _a323.4 K955 |
| 100 | 1 |
_aKymlicka, Will _952072 |
|
| 245 | 1 | 0 |
_aCiudadanía multicultural : _buna teoría liberal de los derechos de las minerias |
| 260 |
_aBarcelona : _bPaidós, _c1996 |
||
| 300 | _a303 p | ||
| 490 | _aPaidós estado y sociedad, 41 | ||
| 650 | 1 | 4 | _aCULTURA |
| 650 | 1 | 4 |
_aDERECHOS HUMANOS _955 |
| 650 | 1 | 4 |
_aLIBERALISMO _95108 |
| 650 | 1 | 4 |
_aLIBERTAD _93142 |
| 650 | 1 | 4 |
_aMULTICULTURALIDAD _952074 |
| 942 |
_2ddc _cBK |
||
| 999 |
_c14982 _d14982 |
||